Elaboración de un modelo de administración de proyectos de electrificación rural incluyendo la generación en sistemas aislados en Nicaragua

Presenta una pequeña propuesta de modelo de administración de proyectos para la electrificación rural en sistemas aislados durante la operación en Nicaragua. Muestra criterios técnicos, económicos y operacionales para la selección y propuesta del modelo administrativo de proyectos para la ele...

Full description

Bibliographic Details
Main Authors: Salazar Guerrero, Omar Lenin, Salazar Guerrero, Eder Ramón
Other Authors: Tutor: Blanco Orozco, Napoleón
Format: Tesis Section = Libro
Language:Undetermined
Spanish
Published: Managua UNI 2010
Subjects:
LEADER 01221nam a2200253Ia 4500
008 240830s9999 xx 000 0 und d
040 |a BIBLIOTECA-RUSB/ Mon 658.26 S161 
041 |a spa 
082 |a Mon 658.26 S161 
100 1 |a Salazar Guerrero, Omar Lenin 
100 1 |b  Salazar Guerrero, Eder Ramón 
245 1 0 |a Elaboración de un modelo de administración de proyectos de electrificación rural incluyendo la generación en sistemas aislados en Nicaragua 
260 |a Managua  |b UNI  |c 2010 
300 |a 151 p. :il. 
500 |a Contiene: anexos. 
502 |a Tesis (Ingeniero Eléctrico) - UNI, 2010. 
520 3 |a Presenta una pequeña propuesta de modelo de administración de proyectos para la electrificación rural en sistemas aislados durante la operación en Nicaragua. Muestra criterios técnicos, económicos y operacionales para la selección y propuesta del modelo administrativo de proyectos para la electrificación rural en sistemas aislados. 
650 7 |a ADMINISTRACIÓN DE PROYECTOS - ELECTRIFICACIÓN 
650 7 |b  ELECTRIFICACIÓN RURAL 
650 7 |c  EMPRESAS ELECTRICAS 
700 1 |a Tutor:  |b Blanco Orozco, Napoleón 
942 |c BK  |2 ddc 
991 |a TESIS 
999 |c 20592